|
|
|
|
| LEADER |
01201nam a2200265 a 4500 |
| 001 |
2960313 |
| 008 |
090517s1991 ii b 001 0 eng d |
| 010 |
|
|
|a 91022537
|
| 020 |
|
|
|a 8170362458 (India)
|
| 020 |
|
|
|a 0803991002 (US)
|
| 040 |
|
|
|a DLC
|c DLC
|d DLC
|
| 082 |
0 |
0 |
|a 610/.954/14
|2 20
|
| 100 |
1 |
|
|a Bala, Poonam,
|d 1958-
|
| 245 |
1 |
0 |
|a Imperialism and medicine in Bengal :
|b a socio-historical perspective /
|c Poonam Bala.
|
| 260 |
|
|
|a New Delhi ;
|a Newbury Park, CA :
|b Sage Publications,
|c 1991.
|
| 300 |
|
|
|a 174 p. ;
|c 23 cm.
|
| 504 |
|
|
|a Includes bibliographical references (p. [161]-168) and index.
|
| 541 |
1 |
|
|e 00006133
|
| 650 |
|
0 |
|a Medicine
|z India
|z Bengal
|x History
|x 19th century.
|
| 650 |
|
0 |
|a Medicine, Ayurvedic.
|
| 651 |
|
0 |
|a Bengal (India)
|x Politics and government.
|
| 852 |
4 |
|
|a Ayesha Abed Library
|j General Shelf.
|
| 999 |
|
|
|c 8812
|d 8812
|
| 952 |
|
|
|0 0
|1 0
|2 ddc
|4 0
|6 610_954140000000000_BAL_1991
|7 0
|9 10689
|a BRACUL
|b BRACUL
|c GEN
|d 2010-06-06
|l 2
|m 26
|o 610.95414 BAL
|p 3010006133
|r 2019-07-09
|s 2019-04-10
|t 1
|w 2010-06-06
|y BK
|
| 952 |
|
|
|0 0
|1 0
|2 ddc
|4 0
|6 610_954140000000000_BAL_1991
|7 0
|9 10690
|a BRACUL
|b BRACUL
|c GEN
|d 2010-06-06
|l 1
|m 5
|o 610.95414 BAL
|p 3010006134
|r 2025-10-08
|s 2025-08-11
|t 2
|w 2010-06-06
|y BK
|